000 00560nam a2200205Ia 4500
001 12387
003 GE_BSU
008 181216s||||||||xx |||||||||||||| ||und||
040 _cGE_BSU
080 _a581.6
100 _aСааков,С.Г.
245 _aПальмы их культура в СССР
245 _cРед.А.С.Лозина-Лозинская
260 _aМосква
260 _bАкад.Наук СССР
260 _c1954
300 _a319стр.27см.
653 _aПальмы и х культура в СССР
942 _cBK
999 _c45561
_d45561